Name-to-Face NMIXX - Statistics

General Stats
  • This quiz has been taken 45 times
  • The average score is 34 of 36
Answer Stats
Question Tile Select % Correct
Lily No
100%
Lily No
100%
Lily No
100%
Lily No
100%
Haewon No
100%
Haewon No
100%
Bae No
100%
Bae No
100%
Bae No
100%
Jiwoo No
100%
Kyujin No
100%
Lily Yes
97%
Lily No
97%
Sullyoon No
97%
Bae No
97%
Bae No
97%
Jiwoo No
97%
Jiwoo No
97%
Kyujin No
97%
Haewon No
95%
Sullyoon No
95%
Sullyoon No
95%
Bae Yes
95%
Jiwoo No
95%
Kyujin No
95%
Haewon No
92%
Haewon No
92%
Sullyoon No
92%
Sullyoon No
92%
Kyujin No
87%
Kyujin No
87%
Jiwoo No
84%
Sullyoon Yes
82%
Haewon Yes
79%
Jiwoo Yes
74%
Kyujin Yes
71%
No matching quizzes found
Score Distribution
Percent of People with Each Score
Percentile by Number Answered
Your Score History
You have not taken this quiz